00781nam a22002297a 4500999001500000001000600015003000900021005001700030008004100047010001700088020001500105040002800120082001600148245007500164260005900239300004200298500002000340650003600360700002000396942001300416952012200429 c2357d235711279BD-DhUAP20200223161243.0200223s2005 enkab d 001 0deng  a 92172259  a0143063022 aDLCcDLCbEngdBD-DhUAP00a032 ILL22304aIllustrated family encyclopedia /cEdited by Jayne Parsons ...[et al]. aLondon :bDorling Kindersley,cc2005 [Reprinted 2008]. a1013 pages :billustrations ;c28 cm. aIncludes index. 0aEncyclopedias and dictionaries.1 aParsons, Jayne. 2ddccREF 00102ddc4070aUAPCLbUAPCLcReference Stacks d2020-02-23oREF 032 ILLp3010011279r2020-02-23t1w2020-02-23yREF